[Event "candidates (w)"]
[Site "Tilburg NED"]
[Date "1994.09.??"]
[Round "11"]
[White "Maric, Alisa"]
[Black "Foisor, Cristina"]
[Result "1/2-1/2"]
[WhiteElo "2400"]
[BlackElo "2405"]
[EventDate "1994.09.10"]
[PlyCount "125"]

1.d4 Nf6 2.Nf3 g6 3.c4 Bg7 4.g3 O-O 5.Bg2 c6 6.O-O d6 7.Nc3 Bf5 8.Ne1 Qd7 
9.e4 Bh3 10.f3 Bxg2 11.Kxg2 Na6 12.Be3 Ne8 13.Nd3 Nec7 14.Qd2 Rfc8 15.Rfd1
Qe8 16.Rac1 Ne6 17.d5 Nd4 18.Ne2 Nxe2 19.Qxe2 c5 20.Bf4 b5 21.e5 bxc4 22.
Rxc4 Qb5 23.b3 Bf8 24.Nf2 Nc7 25.exd6 exd6 26.Ng4 Ne8 27.Re1 Qb7 28.Nh6+ 
Kh8 29.Qd3 Nf6 30.Bg5 Nxd5 31.Rd1 f6 32.Qxd5 Qxd5 33.Rxd5 fxg5 34.Nf7+ Kg8
35.Nxg5 Rc6 36.Ne4 Ra6 37.Rc2 Rc8 38.f4 Be7 39.Kf3 Kf7 40.Nd2 Ke6 41.Ke4 
Rb6 42.g4 Rb4+ 43.Nc4 a5 44.f5+ gxf5+ 45.gxf5+ Kf6 46.Kd3 a4 47.bxa4 Rxa4 
48.Re2 Rg8 49.Re6+ Kf7 50.Nxd6+ Bxd6 51.Rdxd6 Rga8 52.Rd7+ Kg8 53.f6 Rd4+ 
54.Rxd4 cxd4 55.Re2 Ra4 56.Rg2+ Kf7 57.Rf2 Rb4 58.Kc2 h5 59.a3 d3+ 60.Kxd3
Rb3+ 61.Ke4 Rxa3 62.Kf5 Ra5+ 63.Ke4 1/2-1/2

[Event "candidates (w)"]
[Site "Tilburg NED"]
[Date "1994.09.??"]
[Round "11"]
[White "Peng Zhaoqin"]
[Black "Galliamova-Ivanchuk, Alisa"]
[Result "1-0"]
[WhiteElo "2370"]
[BlackElo "2475"]
[EventDate "1994.09.10"]
[PlyCount "83"]

1.d4 d5 2.c4 dxc4 3.e4 e5 4.Nf3 exd4 5.Bxc4 Bb4+ 6.Nbd2 Nc6 7.O-O Be6 8.
Bxe6 fxe6 9.Nb3 d3 10.Bd2 Qd6 11.e5 Qd5 12.Rc1 Bxd2 13.Qxd2 O-O-O 14.Rc5 
Qd7 15.Rc3 Nge7 16.Rd1 h6 17.a3 g5 18.Nc5 Qd5 19.b4 Ng6 20.Rxd3 Qc4 21.Rc1
Qb5 22.Rxd8+ Rxd8 23.Qa2 Nf4 24.Kh1 g4 25.Ng1 Rd5 26.Rc4 Nd4 27.g3 Ng6 28.
Rxd4 Rxd4 29.Qxe6+ Kd8 30.Qg8+ Ke7 31.Qg7+ Ke8 32.Qxg6+ Ke7 33.Qg7+ Ke8 
34.Qg8+ Ke7 35.Qe6+ Kd8 36.Qf6+ Ke8 37.Qe6+ Kd8 38.Qg8+ Ke7 39.Qh7+ Ke8 
40.Qh8+ Ke7 41.Qg7+ Ke8 42.e6 1-0

[Event "candidates (w)"]
[Site "Tilburg NED"]
[Date "1994.09.??"]
[Round "12"]
[White "Cramling, Pia"]
[Black "Ioseliani, Nana"]
[Result "1-0"]
[WhiteElo "2525"]
[BlackElo "2435"]
[EventDate "1994.09.10"]
[PlyCount "189"]

1.d4 Nf6 2.c4 e6 3.Nf3 d5 4.Nc3 Nbd7 5.Bg5 c6 6.e3 Qa5 7.Nd2 Bb4 8.Qc2 O-O
9.a3 e5 10.dxe5 Bxc3 11.Qxc3 Qxc3 12.bxc3 Nxe5 13.Bxf6 gxf6 14.cxd5 cxd5 
15.Nb3 Be6 16.Kd2 Rfc8 17.Be2 Kf8 18.Nd4 Rc5 19.Rhb1 b6 20.a4 Rac8 21.Rc1 
Bd7 22.Nb3 R5c7 23.Nd4 Rc5 24.Nb3 R5c7 25.a5 b5 26.Nd4 a6 27.Rc2 Ke7 28.
Ra3 Rg8 29.g3 Bg4 30.Bd3 Bf3 31.Rb2 Rgc8 32.Rb4 Bg4 33.Bf1 Bd7 34.Be2 Rg8 
35.Rbb3 Bh3 36.Ra1 Bg4 37.Bf1 Bd7 38.Be2 Bg4 39.f3 Bd7 40.Rf1 Nc4+ 41.Bxc4
Rxc4 42.Rb4 Rgc8 43.Rc1 Kd6 44.Ne2 f5 45.Nf4 Bc6 46.Ne2 Bd7 47.Rcb1 Re8 
48.Nd4 Rec8 49.R1b3 h5 50.Ne2 h4 51.gxh4 Rh8 52.Nf4 Rxh4 53.h3 Rcxf4 54.
exf4 Rxh3 55.Ke3 Kc5 56.Rb1 Be6 57.Rd4 Rh8 58.Rg1 Rc8 59.Rb4 Kd6 60.Kd4 
Bd7 61.Rh1 Be6 62.Kd3 Ke7 63.Rd4 Kd6 64.Kc2 Ke7 65.Kb2 Kd6 66.Rdd1 Rb8 67.
Rd4 Rc8 68.Rh6 Rb8 69.Rh7 Kc5 70.Kc2 Kd6 71.Rd1 Rc8 72.Rd4 Rb8 73.Rh5 Rc8 
74.Kb2 Rb8 75.Kb3 Kc5 76.Kc2 Rc8 77.Kb2 Rb8 78.Rh1 Rg8 79.Rd2 Rb8 80.Ka3 
Rc8 81.Rdh2 Kd6 82.Kb2 Rc4 83.Rh8 b4 84.Rc1 bxc3+ 85.Rxc3 d4 86.Rxc4 Bxc4 
87.Rc8 Bd5 88.Rb8 Kc5 89.Rb6 Bc4 90.Kc2 Bb5 91.Rf6 Kb4 92.Rxf5 Kxa5 93.
Rxf7 Kb4 94.f5 a5 95.Ra7 1-0

[Event "candidates (w)"]
[Site "Tilburg NED"]
[Date "1994.09.??"]
[Round "12"]
[White "Galliamova-Ivanchuk, Alisa"]
[Black "Maric, Alisa"]
[Result "1-0"]
[WhiteElo "2475"]
[BlackElo "2400"]
[EventDate "1994.09.10"]
[PlyCount "79"]

1.d4 Nf6 2.c4 e6 3.Nf3 b6 4.a3 Bb7 5.Nc3 d5 6.cxd5 Nxd5 7.Bd2 Be7 8.Qc2 
Nxc3 9.Bxc3 Qd5 10.e3 Nd7 11.O-O-O O-O-O 12.Qa4 Kb8 13.Bc4 Bc6 14.Qa6 Qh5 
15.Rhe1 Rc8 16.e4 Ka8 17.Bd3 Rhd8 18.h3 Nb8 19.Qc4 Bb7 20.Kb1 c5 21.d5 f6 
22.Qa4 exd5 23.exd5 Bd6 24.Be4 Nd7 25.g4 Qf7 26.Bf5 Rc7 27.Be6 Qf8 28.Nd2 
a6 29.Qc2 h6 30.Nc4 Ka7 31.Qf5 Bc8 32.h4 Bb7 33.g5 hxg5 34.hxg5 b5 35.Nxd6
Qxd6 36.gxf6 gxf6 37.Bd2 Rf8 38.Bh6 Rh8 39.Bf4 Ne5 40.Qxf6 1-0

[Event "candidates (w)"]
[Site "Tilburg NED"]
[Date "1994.09.??"]
[Round "13"]
[White "Arakhamia, Ketevan"]
[Black "Cramling, Pia"]
[Result "1/2-1/2"]
[WhiteElo "2450"]
[BlackElo "2525"]
[EventDate "1994.09.10"]
[PlyCount "129"]

1.e4 e5 2.Nf3 Nc6 3.Bb5 a6 4.Ba4 Nf6 5.O-O b5 6.Bb3 Bb7 7.Qe2 Bc5 8.c3 d6 
9.d3 h6 10.Nbd2 O-O 11.a4 Re8 12.Nh4 Bc8 13.Nf5 Rb8 14.axb5 axb5 15.Qf3 
Be6 16.Bc2 Nh7 17.Nb3 Bb6 18.Be3 Ne7 19.d4 Nxf5 20.exf5 e4 21.Qg3 Bxf5 22.
Bxh6 Bg6 23.Be3 Qd7 24.Nc1 Bh5 25.h3 Qd8 26.Bb3 d5 27.Bh6 Bg6 28.Bf4 Nf6 
29.Bg5 c6 30.Qh4 Qd6 31.Bf4 Qd7 32.Bxb8 Rxb8 33.Ne2 Nh5 34.Qg4 Qd6 35.g3 
f5 36.Qg5 Bd8 37.Qe3 Bc7 38.Ra7 Rf8 39.Nf4 Nxf4 40.gxf4 Qxf4 41.Qxf4 Bxf4 
42.Ra6 Be8 43.Rfa1 Rf6 44.Ra8 Kf8 45.Bd1 g6 46.h4 Re6 47.Rc8 Kg7 48.Raa8 
Bf7 49.Ra6 Be8 50.Be2 Re7 51.Raa8 Bd7 52.Rg8+ Kf6 53.h5 gxh5 54.Bxh5 Rh7 
55.Bg6 Rh6 56.Raf8+ Ke7 57.Bxf5 Bxf5 58.Rxf5 Bc1 59.b3 Bb2 60.Rg3 b4 61.
cxb4 Bxd4 62.Kg2 Bf6 63.Rg8 Ke6 64.Rf4 Be7 65.Re8 1/2-1/2

[Event "candidates (w)"]
[Site "Tilburg NED"]
[Date "1994.09.??"]
[Round "13"]
[White "Ioseliani, Nana"]
[Black "Foisor, Cristina"]
[Result "0-1"]
[WhiteElo "2435"]
[BlackElo "2405"]
[EventDate "1994.09.10"]
[PlyCount "230"]

1.d4 Nf6 2.Nf3 g6 3.g3 Bg7 4.Bg2 O-O 5.O-O c6 6.c4 d6 7.b3 Bf5 8.Bb2 Qc8 
9.Re1 Bh3 10.Bh1 h6 11.Nc3 Na6 12.e4 Nh7 13.Qd2 Re8 14.d5 Nc5 15.dxc6 bxc6
16.e5 Rd8 17.Qe3 Ne6 18.Na4 d5 19.cxd5 cxd5 20.Rac1 Qa6 21.Nd4 Nxd4 22.
Bxd4 Nf8 23.Qd2 Ne6 24.Nc5 Nxc5 25.Rxc5 Be6 26.Bg2 Qb7 27.Rec1 Rdc8 28.h4 
h5 29.Qa5 a6 30.Bf1 Kh7 31.Rc7 Rxc7 32.Rxc7 Qb8 33.Qc5 a5 34.Qc6 a4 35.
bxa4 Rxa4 36.Qxa4 Qxc7 37.f4 Qc1 38.Qb3 Bh3 39.Qd3 Qe1 40.Bf2 Qa1 41.a3 
Bxf1 42.Qxf1 Qxa3 43.Qb5 e6 44.Kg2 Bf8 45.Qe8 Kg7 46.Qd8 Be7 47.Qc7 Qb4 
48.Qa7 Qe4+ 49.Kg1 Bb4 50.Qb8 Bf8 51.Qd8 Qf5 52.Qb8 Qc2 53.Qa7 Qc4 54.Kg2 
Bb4 55.Kg1 Qc1+ 56.Kg2 Qc2 57.Kg1 Qd1+ 58.Kg2 Qe2 59.Kg1 Bf8 60.Qb6 Qf3 
61.Qd8 Qa3 62.Qf6+ Kg8 63.Qd8 Qe7 64.Qc8 Kh7 65.Kg2 Kg7 66.Kf1 Qb4 67.Kg1 
d4 68.Qd8 Qb1+ 69.Kg2 Qe4+ 70.Kg1 d3 71.Qf6+ Kg8 72.Qd8 Qc4 73.Be1 Qc2 74.
Ba5 Qc5+ 75.Kg2 Kh7 76.Be1 Qc2+ 77.Kh3 Bg7 78.Qd4 Qe2 79.Bb4 Qc2 80.Qd6 
Qc4 81.Kg2 Qe4+ 82.Kg1 Qe2 83.Qd4 Qc2 84.Kf1 Bf8 85.Bc3 Qe2+ 86.Kg1 Ba3 
87.Kh1 Bc1 88.Qd7 Qe4+ 89.Kh2 Qf5 90.Kg2 Be3 91.Kh2 Bc5 92.Qc7 Ba3 93.Qd7 
Kg7 94.Qd8 Bc5 95.Qc7 Bf8 96.Qd8 Qe4 97.Qf6+ Kg8 98.Qd8 Qc4 99.Ba5 Qc2+ 
100.Kh3 Qd1 101.Kg2 Qe2+ 102.Kg1 Qe3+ 103.Kg2 Qe4+ 104.Kg1 Qc4 105.Kf2 
Qa2+ 106.Kg1 Qa3 107.Kf2 Kh7 108.Bd2 Bc5+ 109.Kf3 Qb3 110.Qd7 Qd1+ 111.Kg2
Qxd2+ 112.Kh3 Bf8 113.Qxf7+ Bg7 114.f5 exf5 115.e6 Qe1 0-1

[Event "candidates (w)"]
[Site "Tilburg NED"]
[Date "1994.09.??"]
[Round "13"]
[White "Maric, Alisa"]
[Black "Peng Zhaoqin"]
[Result "1/2-1/2"]
[WhiteElo "2400"]
[BlackElo "2370"]
[EventDate "1994.09.10"]
[PlyCount "56"]

1.d4 Nf6 2.Nf3 g6 3.c4 Bg7 4.g3 O-O 5.Bg2 c6 6.O-O d5 7.b3 a5 8.Nc3 Ne4 9.
Bb2 Bf5 10.Rc1 Nd7 11.Nh4 Nxc3 12.Bxc3 Nf6 13.Nxf5 gxf5 14.Qd3 Ne4 15.Bb2 
Qd7 16.cxd5 cxd5 17.f3 Nd6 18.Rc5 e6 19.Rfc1 Rfc8 20.e3 Rxc5 21.Rxc5 b6 
22.Rc2 Rc8 23.Bf1 Bf8 24.Rxc8 Qxc8 25.Qc3 Qxc3 26.Bxc3 Ne8 27.Bd3 Nf6 28.
Kf2 Ba3 1/2-1/2

[Event "candidates (w)"]
[Site "Tilburg NED"]
[Date "1994.09.??"]
[Round "13"]
[White "Polgar, Zsuzsa"]
[Black "Galliamova-Ivanchuk, Alisa"]
[Result "1-0"]
[WhiteElo "2550"]
[BlackElo "2475"]
[EventDate "1994.09.10"]
[PlyCount "129"]

1.d4 d5 2.c4 c6 3.Nf3 Nf6 4.Nc3 e6 5.Bg5 h6 6.Bxf6 Qxf6 7.e3 Nd7 8.Bd3 
dxc4 9.Bxc4 g6 10.O-O Bg7 11.Qe2 O-O 12.Rfd1 a5 13.e4 e5 14.d5 Nb6 15.b3 
Rd8 16.h3 Bf8 17.Qe3 Nd7 18.dxc6 bxc6 19.Rd3 Re8 20.Na4 Qf4 21.Rc1 Kg7 22.
Nd2 Bb4 23.Qe2 Nf6 24.Nb6 Rb8 25.Nxc8 Rbxc8 26.g3 Qg5 27.h4 Qg4 28.Qxg4 
Nxg4 29.Rd7 Re7 30.Rxe7 Bxe7 31.Be2 Nf6 32.Nc4 Nxe4 33.Bf3 Nd6 34.Nxe5 c5 
35.Nc6 Nf5 36.Rc4 Rc7 37.Bg2 Bd6 38.Nxa5 Ra7 39.Nb7 Be7 40.a4 Nd6 41.Nxd6 
Bxd6 42.Kf1 f5 43.Rc2 Kf6 44.Ke2 g5 45.hxg5+ Kxg5 46.Bf3 h5 47.Rc4 Ra5 48.
Kd3 Be5 49.Rh4 Bd4 50.Rxh5+ Kf6 51.Rh2 Ke5 52.Kc4 Ra7 53.Bd5 Ra5 54.f3 Kf6
55.Rh8 Ra7 56.Rf8+ Kg6 57.Ra8 Re7 58.a5 Re3 59.a6 Rc3+ 60.Kb5 c4 61.Bxc4 
Rxf3 62.a7 Bxa7 63.Rxa7 Rxg3 64.b4 f4 65.Rf7 1-0

[Event "candidates (w)"]
[Site "Tilburg NED"]
[Date "1994.09.??"]
[Round "14"]
[White "Foisor, Cristina"]
[Black "Arakhamia, Ketevan"]
[Result "1-0"]
[WhiteElo "2405"]
[BlackElo "2450"]
[EventDate "1994.09.10"]
[PlyCount "83"]

1.c4 Nf6 2.Nf3 g6 3.g3 Bg7 4.Bg2 O-O 5.O-O d6 6.Nc3 e5 7.d3 c6 8.Rb1 Re8 
9.Nd2 a5 10.a3 Be6 11.b4 axb4 12.axb4 d5 13.e4 d4 14.Na4 Nbd7 15.c5 Qc7 
16.Nc4 Bxc4 17.dxc4 Nf8 18.Nb6 Rad8 19.Qd3 Ne6 20.Ra1 Bf8 21.Bd2 Nh5 22.
Ra2 Neg7 23.f4 exf4 24.g4 Qe5 25.gxh5 Nxh5 26.Qf3 Bh6 27.Ra3 Re7 28.Rd3 
Nf6 29.Bxf4 Bxf4 30.Qxf4 Nxe4 31.Bxe4 Qxe4 32.Qxe4 Rxe4 33.Rf6 Rde8 34.
Rdf3 Re1+ 35.Kg2 Rb1 36.Rxf7 d3 37.Rd7 Re2+ 38.Rf2 Rbb2 39.Rxe2 dxe2 40.
Kf2 Rxb4 41.Kxe2 Rb2+ 42.Rd2 1-0

[Event "candidates (w)"]
[Site "Tilburg NED"]
[Date "1994.09.??"]
[Round "14"]
[White "Galliamova-Ivanchuk, Alisa"]
[Black "Ioseliani, Nana"]
[Result "1-0"]
[WhiteElo "2475"]
[BlackElo "2435"]
[EventDate "1994.09.10"]
[PlyCount "63"]

1.d4 Nf6 2.c4 e6 3.Nf3 b6 4.g3 Ba6 5.b3 Bb7 6.Bg2 Bb4+ 7.Bd2 Be7 8.O-O O-O
9.Bc3 d5 10.cxd5 exd5 11.Bb2 Nbd7 12.Nc3 a6 13.Ne5 Re8 14.Rc1 Bd6 15.f4 
Nf8 16.Kh1 c5 17.e3 b5 18.Ng4 N8d7 19.dxc5 Nxg4 20.Qxg4 Nf6 21.Qf5 Bxc5 
22.Nxb5 Bxe3 23.Bxf6 Qxf6 24.Qxf6 gxf6 25.Nd6 Bxc1 26.Rxc1 Rab8 27.Nxe8 
Rxe8 28.Bf3 Re7 29.Kg2 Kf8 30.Kf2 Rd7 31.Ke2 Ke7 32.Bg4 1-0

[Event "candidates (w)"]
[Site "Tilburg NED"]
[Date "1994.09.??"]
[Round "15"]
[White "Arakhamia, Ketevan"]
[Black "Galliamova-Ivanchuk, Alisa"]
[Result "0-1"]
[WhiteElo "2450"]
[BlackElo "2475"]
[EventDate "1994.09.10"]
[PlyCount "98"]

1.e4 c5 2.Nf3 Nc6 3.d4 cxd4 4.Nxd4 Nf6 5.Nc3 d6 6.Bg5 e6 7.Qd2 a6 8.O-O-O 
h6 9.Be3 Qc7 10.f3 Bd7 11.Kb1 Na5 12.Qf2 Nc4 13.Bxc4 Qxc4 14.g4 b5 15.h4 
g6 16.Nb3 a5 17.Rd4 Qc6 18.Rhd1 a4 19.Nd2 a3 20.Rb4 Be7 21.g5 Nh5 22.Nxb5 
d5 23.Rb3 axb2 24.Qh2 O-O 25.Qc7 Qa6 26.Rxb2 Rfd8 27.exd5 exd5 28.Qb6 Bxb5
29.Qxb5 Qe6 30.Qb6 Rd6 31.Qb7 Re8 32.Bd4 Qe2 33.Kc1 hxg5 34.Rb3 Ra6 35.Bb2
Rxa2 36.Qxd5 Rxb2 37.Rxb2 Ba3 38.Nc4 Bxb2+ 39.Nxb2 gxh4 40.Qd7 Re7 41.Qd8+
Kh7 42.Rh1 Ra7 43.Nd1 h3 44.Qd3 Qg2 45.Qf1 Qxf1 46.Rxf1 Ng3 47.Re1 h2 48.
Nf2 Ra1+ 49.Kd2 Rxe1 0-1

[Event "candidates (w)"]
[Site "Tilburg NED"]
[Date "1994.09.??"]
[Round "15"]
[White "Ioseliani, Nana"]
[Black "Peng Zhaoqin"]
[Result "1/2-1/2"]
[WhiteElo "2435"]
[BlackElo "2370"]
[EventDate "1994.09.10"]
[PlyCount "82"]

1.c4 Nf6 2.Nc3 g6 3.d4 Bg7 4.e4 d6 5.Be2 O-O 6.Nf3 e5 7.O-O Nc6 8.d5 Ne7 
9.Nd2 a5 10.a3 Ne8 11.Rb1 c5 12.b4 axb4 13.axb4 b6 14.bxc5 bxc5 15.Nb3 f5 
16.f3 Kh8 17.Bg5 Bf6 18.Bd2 Ng8 19.Ra1 Rxa1 20.Qxa1 Bg5 21.exf5 Bxd2 22.
Nxd2 Bxf5 23.f4 exf4 24.Rxf4 Ng7 25.Qf1 h5 26.Nde4 Nf6 27.h3 Kg8 28.Bd3 
Qe7 29.Nxf6+ Qxf6 30.Bxf5 Qxc3 31.Bxg6 Qe3+ 32.Rf2 h4 33.Qe2 Qd4 34.Qb2 
Qe3 35.Qd2 Qxd2 36.Rxd2 Rf6 37.Bd3 Nh5 38.Rf2 Nf4 39.Rf3 Kg7 40.Bf1 Nh5 
41.Kf2 Kg6 1/2-1/2

[Event "candidates (w)"]
[Site "Tilburg NED"]
[Date "1994.09.??"]
[Round "16"]
[White "Foisor, Cristina"]
[Black "Cramling, Pia"]
[Result "0-1"]
[WhiteElo "2405"]
[BlackElo "2525"]
[EventDate "1994.09.10"]
[PlyCount "167"]

1.Nf3 Nf6 2.g3 g6 3.Bg2 Bg7 4.c4 O-O 5.O-O Re8 6.Nc3 e5 7.d3 c6 8.e4 h6 9.
d4 exd4 10.Nxd4 d6 11.h3 Nbd7 12.Be3 Nc5 13.Qc2 Qe7 14.Rfe1 a5 15.Rad1 
Nfd7 16.Nde2 Kh7 17.b3 b6 18.Bd4 Bf8 19.Nf4 Bb7 20.h4 Ne5 21.Nh3 Bc8 22.f4
Bxh3 23.fxe5 dxe5 24.Bf2 Bg4 25.Rd2 Rad8 26.Kh2 Rxd2 27.Qxd2 Rd8 28.Qc2 
Qc7 29.Rf1 Kg8 30.Be3 Ne6 31.Qc1 h5 32.Na4 Nd4 33.c5 b5 34.Nb2 Ne2 35.Qc2 
Nd4 36.Qc1 Ne6 37.Qc2 Qd7 38.Qf2 Qa7 39.a3 Rd7 40.Rc1 Nd4 41.Nd3 Qc7 42.
Rb1 Nf3+ 43.Bxf3 Bxf3 44.Qxf3 Rxd3 45.Qe2 Qd7 46.Rb2 Kh7 47.a4 b4 48.Kg2 
Bh6 49.Bf2 Rd1 50.Qf3 Kg7 51.Bg1 Qd3 52.Rf2 Qxf3+ 53.Rxf3 f6 54.Bf2 Kf7 
55.Kh3 Rd2 56.g4 hxg4+ 57.Kxg4 Re2 58.Kg3 Bf4+ 59.Kg2 Rd2 60.Kf1 f5 61.
exf5 gxf5 62.Ke1 Rd8 63.Ke2 Ke6 64.h5 Rh8 65.Rh3 Kf6 66.Rh1 Rh6 67.Bh4+ 
Bg5 68.Bf2 Ke6 69.Rd1 Be7 70.Rh1 f4 71.Bg1 Kf5 72.Bf2 Bg5 73.Bg1 Kg4 74.
Kd3 Kf3 75.Rh2 e4+ 76.Kc4 e3 77.Kd3 Rh7 78.Kc2 Be7 79.Kd1 Bxc5 80.Ke1 Rh6 
81.Kf1 Bd4 82.Rh3+ Kg4 83.Kg2 Rxh5 84.Rxh5 0-1

[Event "candidates (w)"]
[Site "Tilburg NED"]
[Date "1994.09.??"]
[Round "16"]
[White "Maric, Alisa"]
[Black "Ioseliani, Nana"]
[Result "1/2-1/2"]
[WhiteElo "2400"]
[BlackElo "2435"]
[EventDate "1994.09.10"]
[PlyCount "83"]

1.d4 Nf6 2.Nf3 e6 3.c4 a6 4.Nc3 c5 5.e3 b6 6.Be2 Bb7 7.O-O Be7 8.d5 exd5 
9.cxd5 d6 10.a4 O-O 11.e4 Re8 12.Nd2 Bf8 13.f4 g6 14.Bf3 Bg7 15.Re1 Nbd7 
16.Nc4 Qb8 17.Bd2 h5 18.Ra3 Nh7 19.Rb3 Qc7 20.Be3 Rab8 21.Bf2 Bh6 22.e5 
Bxf4 23.exd6 Qd8 24.Rxe8+ Qxe8 25.g3 Be5 26.Nxb6 Ng5 27.Bg2 Nxb6 28.Rxb6 
Qd7 29.Bxc5 h4 30.Bd4 Re8 31.Bxe5 Rxe5 32.gxh4 Nh3+ 33.Bxh3 Qxh3 34.Rxb7 
Qxh4 35.Re7 Rg5+ 36.Kh1 Qh3 37.Qe2 Rf5 38.Kg1 Rg5+ 39.Kh1 Rf5 40.Kg1 Rg5+ 
41.Kh1 Rf5 42.Kg1 1/2-1/2

[Event "candidates (w)"]
[Site "Tilburg NED"]
[Date "1994.09.??"]
[Round "16"]
[White "Peng Zhaoqin"]
[Black "Arakhamia, Ketevan"]
[Result "1/2-1/2"]
[WhiteElo "2370"]
[BlackElo "2450"]
[EventDate "1994.09.10"]
[PlyCount "83"]

1.d4 Nf6 2.c4 g6 3.Nc3 Bg7 4.e4 d6 5.f4 O-O 6.Nf3 c5 7.d5 e6 8.Be2 exd5 9.
cxd5 Bg4 10.O-O Bxf3 11.Bxf3 Nbd7 12.Qc2 a6 13.Be3 Re8 14.Bf2 b5 15.Rae1 
h5 16.Kh1 Rc8 17.Bh4 b4 18.Nd1 Qc7 19.Nf2 Nh7 20.b3 c4 21.Be2 cxb3 22.Qxb3
Qb6 23.Bc4 Nc5 24.Qh3 Qb8 25.Qf3 Qb7 26.Nd3 Nd7 27.Bb3 Qb5 28.e5 Rc3 29.
Re3 Nc5 30.Rd1 Nxb3 31.axb3 Qb6 32.Bf2 Qb7 33.exd6 Rxe3 34.Qxe3 Nf6 35.Be1
Rxb3 36.Nc5 Rxe3 37.Nxb7 Bf8 38.Bxb4 Rb3 39.d7 Nxd7 40.Bxf8 Kxf8 41.Na5 
Rb2 42.Kg1 1/2-1/2

[Event "candidates (w)"]
[Site "Tilburg NED"]
[Date "1994.09.??"]
[Round "17"]
[White "Arakhamia, Ketevan"]
[Black "Maric, Alisa"]
[Result "0-1"]
[WhiteElo "2450"]
[BlackElo "2400"]
[EventDate "1994.09.10"]
[PlyCount "104"]

1.e4 e5 2.Nf3 Nc6 3.Bb5 Nf6 4.O-O Bc5 5.d3 d6 6.c3 O-O 7.Bg5 h6 8.Bh4 Qe7 
9.Nbd2 Nb8 10.d4 Bb6 11.Nc4 c6 12.Nxb6 axb6 13.Bd3 b5 14.h3 Nbd7 15.Bc2 
Re8 16.Qd2 Nf8 17.Rfd1 Ng6 18.Bg3 Nh5 19.Bh2 Nhf4 20.dxe5 dxe5 21.Qd6 Qxd6
22.Rxd6 Be6 23.Nxe5 Nxe5 24.Bxf4 Nc4 25.Rd3 Nxb2 26.Rg3 Kh8 27.a3 Red8 28.
Be5 f6 29.Bd4 Nc4 30.Bb3 Re8 31.Bxc4 Bxc4 32.Re3 Rac8 33.Bc5 Re5 34.Bd6 
Re6 35.e5 g5 36.g4 Kh7 37.Rae1 Kg6 38.Kg2 h5 39.Bc5 b6 40.Bd6 Bd5+ 41.Kg3 
hxg4 42.hxg4 Ra8 43.Ra1 Ra4 44.Bc7 f5 45.gxf5+ Kxf5 46.f3 g4 47.Rh1 gxf3 
48.Rh5+ Kg6 49.Rh2 Kf7 50.Bd6 Rg6+ 51.Kf2 Ke6 52.Rd3 c5 0-1

[Event "candidates (w)"]
[Site "Tilburg NED"]
[Date "1994.09.??"]
[Round "17"]
[White "Cramling, Pia"]
[Black "Galliamova-Ivanchuk, Alisa"]
[Result "1-0"]
[WhiteElo "2525"]
[BlackElo "2475"]
[EventDate "1994.09.10"]
[PlyCount "77"]

1.d4 d5 2.c4 c6 3.Nc3 Nf6 4.Nf3 e6 5.Bg5 dxc4 6.e4 b5 7.a4 Bb7 8.axb5 cxb5
9.Nxb5 Qb6 10.Qa4 Nc6 11.Bxf6 gxf6 12.Bxc4 a6 13.Nc3 Qxb2 14.O-O Qxc3 15.
d5 Qb4 16.dxc6 Bc8 17.Qa2 Bh6 18.Qe2 a5 19.Rfb1 Qc3 20.Ra4 O-O 21.h3 Bf4 
22.g3 Rb8 23.Rxb8 Bxb8 24.Qd3 Qc1+ 25.Kg2 Bc7 26.Qd2 Qxd2 27.Nxd2 e5 28.
Nb3 Be6 29.Nc5 Bxc4 30.Rxc4 Ra8 31.Kf3 Kf8 32.Kg4 Ke7 33.Kf5 Bb6 34.Nd7 
Bxf2 35.Nxf6 Bxg3 36.Nd5+ Kd6 37.Nb6 Rg8 38.c7 Bh4 39.c8=N+ 1-0

[Event "candidates (w)"]
[Site "Tilburg NED"]
[Date "1994.09.??"]
[Round "17"]
[White "Ioseliani, Nana"]
[Black "Polgar, Zsuzsa"]
[Result "1/2-1/2"]
[WhiteElo "2435"]
[BlackElo "2550"]
[EventDate "1994.09.10"]
[PlyCount "23"]

1.d4 d5 2.c4 c6 3.cxd5 cxd5 4.Nc3 Nc6 5.Nf3 Nf6 6.Bf4 Bf5 7.e3 e6 8.Bd3 
Bxd3 9.Qxd3 Bd6 10.Bxd6 Qxd6 11.O-O O-O 12.Rac1 1/2-1/2

[Event "candidates (w)"]
[Site "Tilburg NED"]
[Date "1994.09.??"]
[Round "18"]
[White "Galliamova-Ivanchuk, Alisa"]
[Black "Foisor, Cristina"]
[Result "0-1"]
[WhiteElo "2475"]
[BlackElo "2405"]
[EventDate "1994.09.10"]
[PlyCount "60"]

1.d4 d6 2.c4 g6 3.Nc3 Bg7 4.e4 e5 5.d5 f5 6.exf5 gxf5 7.Qh5+ Kf8 8.Nf3 Nf6
9.Qh4 Qe8 10.g3 Na6 11.Bh3 h6 12.Kf1 Ng4 13.Bxg4 fxg4 14.Nd2 Qg6 15.Nde4 
Bf5 16.f3 Nc5 17.Ke2 Kg8 18.Rf1 Rf8 19.b4 Bxe4 20.fxe4 Rxf1 21.Kxf1 Nxe4 
22.Nxe4 Qxe4 23.Qe7 Kh7 24.Bb2 Rf8+ 25.Kg1 Qe3+ 26.Kh1 Qf3+ 27.Kg1 Qf2+ 
28.Kh1 Qxb2 29.Rg1 Rf2 30.Qh4 Qe2 0-1

[Event "candidates (w)"]
[Site "Tilburg NED"]
[Date "1994.09.??"]
[Round "18"]
[White "Peng Zhaoqin"]
[Black "Cramling, Pia"]
[Result "0-1"]
[WhiteElo "2370"]
[BlackElo "2525"]
[EventDate "1994.09.10"]
[PlyCount "40"]

1.d4 d5 2.c4 e6 3.Nc3 c5 4.cxd5 cxd4 5.Qxd4 Nc6 6.Qa4 exd5 7.Nf3 Nf6 8.Bg5
Be7 9.e3 O-O 10.Be2 Be6 11.O-O a6 12.Nd4 Qb6 13.Nxe6 fxe6 14.Rab1 Rad8 15.
a3 h6 16.Bxf6 Bxf6 17.Qg4 Ne5 18.Qh3 Rc8 19.Kh1 Nc4 20.Rfd1 Nxb2 0-1

[Event "candidates (w)"]
[Site "Tilburg NED"]
[Date "1994.09.??"]
[Round "18"]
[White "Polgar, Zsuzsa"]
[Black "Arakhamia, Ketevan"]
[Result "1/2-1/2"]
[WhiteElo "2550"]
[BlackElo "2450"]
[EventDate "1994.09.10"]
[PlyCount "43"]

1.d4 d5 2.c4 c6 3.Nf3 Nf6 4.Nc3 e6 5.Bg5 h6 6.Bxf6 Qxf6 7.e3 Nd7 8.Bd3 Qd8
9.O-O Be7 10.a3 O-O 11.Rc1 a6 12.Qe2 dxc4 13.Bxc4 b5 14.Ba2 c5 15.dxc5 
Nxc5 16.Bb1 Qb6 17.Ne5 Bd6 18.Ne4 Nxe4 19.Bxe4 Ra7 20.Nc6 Rd7 21.Rc2 Kh8 
22.Bf3 1/2-1/2